[Event "SUI-ch U16"]
[Site "Kreuzlingen"]
[Date "2016.07.02"]
[Round "6"]
[White "Duong, Yisam"]
[Black "Walk, David"]
[Result "1-0"]
[WhiteElo "1992"]
[BlackElo "1725"]
[PlyCount "61"]
[EventDate "2016.06.30"]
[EventType "swiss"]
[EventRounds "7"]
[EventCountry "SUI"]
[SourceTitle "EXT 2017"]
[Source "ChessBase"]
[SourceDate "2016.10.25"]
[SourceVersion "1"]
[SourceVersionDate "2016.10.25"]
[SourceQuality "1"]

1. d4 d5 2. Nf3 Nf6 3. e3 e6 4. Bd3 Be7 5. 0-0 Nbd7 6. b3 0-0 7. Bb2 c5 8. Nbd2 b6 9. Qe2 Bb7 10. Ne5 Qc7 11. f4 Rac8 12. f5 Ne4 13. Nxe4 dxe4 14. Bc4 Nxe5 15. dxe5 Bd5 16. f6 Bd8 17. Qg4 g6 18. Qg5 Kh8 19. Qh6 Rg8 20. Rf4 g5 21. Rg4 Rg6 22. Qh5 Qd7 23. Rxg5 Bc7 24. Rxg6 fxg6 25. Qg4 Bxc4 26. bxc4 Qc6 27. Rf1 Rd8 28. Qg5 Qd7 29. f7 Kg7 30. Qf6+ Kf8 31. Qh8+ 1-0

[Event "SUI-ch U16"]
[Site "Kreuzlingen"]
[Date "2016.07.01"]
[Round "3"]
[White "Pellicoro, Nathalie"]
[Black "Walk, David"]
[Result "0-1"]
[WhiteElo "1743"]
[BlackElo "1725"]
[PlyCount "108"]
[EventDate "2016.06.30"]
[EventType "swiss"]
[EventRounds "7"]
[EventCountry "SUI"]
[SourceTitle "EXT 2017"]
[Source "ChessBase"]
[SourceDate "2016.10.25"]
[SourceVersion "1"]
[SourceVersionDate "2016.10.25"]
[SourceQuality "1"]

1. e4 c5 2. Nc3 Nc6 3. f4 g6 4. Nf3 Bg7 5. Bb5 Rb8 6. Bxc6 bxc6 7. 0-0 d6 8. Qe1 Nf6 9. d3 0-0 10. Qh4 e6 11. f5 exf5 12. Bh6 Nh5 13. Bg5 Bf6 14. exf5 Bxg5 15. Nxg5 h6 16. f6 hxg5 17. Qxg5 Kh7 18. g4 Bxg4 19. Qxg4 Nxf6 20. Qg5 Nd5 21. Qxd8 Rbxd8 22. Ne4 Kg7 23. c4 Ne3 24. Rf3 Nf5 25. Raf1 Rd7 26. b3 a5 27. Rh3 Rh8 28. Rxh8 Kxh8 29. Kf2 Kg7 30. Ke2 Ra7 31. Nc3 Re7+ 32. Kd2 Re8 33. Ne4 Rh8 34. Rf2 Kf8 35. Kc3 Ke7 36. Kd2 Nd4 37. Nf6 Rxh2 38. Rxh2 Nf3+ 39. Ke3 Nxh2 40. Ng8+ Ke6 41. Kf4 Nf1 42. Kf3 Nh2+ 43. Kg3 Nf1+ 44. Kf3 Nd2+ 45. Ke3 Nb1 46. a4 Nc3 47. Kd2 Na2 48. Nh6 f5 49. Ke3 Kf6 50. Kf4 Kg7 51. Nxf5+ gxf5 52. Kxf5 Kf7 53. Ke4 Nc1 54. b4 cxb4 0-1

[Event "SUI-ch U16"]
[Site "Kreuzlingen"]
[Date "2016.07.01"]
[Round "4"]
[White "Walk, David"]
[Black "Stijve, Theo"]
[Result "0-1"]
[WhiteElo "1725"]
[BlackElo "2071"]
[PlyCount "49"]
[EventDate "2016.06.30"]
[EventType "swiss"]
[EventRounds "7"]
[EventCountry "SUI"]
[SourceTitle "EXT 2017"]
[Source "ChessBase"]
[SourceDate "2016.10.25"]
[SourceVersion "1"]
[SourceVersionDate "2016.10.25"]
[SourceQuality "1"]

1. c4 Nf6 2. Nc3 e6 3. Nf3 d5 4. d4 Be7 5. e3 0-0 6. Be2 dxc4 7. Bxc4 a6 8. 0-0 b5 9. Be2 Bb7 10. a3 c5 11. dxc5 Bxc5 12. b4 Be7 13. Bb2 Nbd7 14. Qb3 Nd5 15. Rfd1 Bf6 16. Rac1 Rc8 17. Nd4 N7b6 18. Bf3 Qe7 19. Nxd5 Nxd5 20. Nf5 exf5 21. Bxd5 Bxd5 22. Rxd5 Rxc1+ 23. Bxc1 Rc8 24. Bb2 Qe6 25. Bxf6 0-1

[Event "SUI-ch U16"]
[Site "Kreuzlingen"]
[Date "2016.06.30"]
[Round "2"]
[White "Walk, David"]
[Black "Lucca, Kevin"]
[Result "1/2-1/2"]
[WhiteElo "1725"]
[BlackElo "1956"]
[PlyCount "61"]
[EventDate "2016.06.30"]
[EventType "swiss"]
[EventRounds "7"]
[EventCountry "SUI"]
[SourceTitle "EXT 2017"]
[Source "ChessBase"]
[SourceDate "2016.10.25"]
[SourceVersion "1"]
[SourceVersionDate "2016.10.25"]
[SourceQuality "1"]

1. c4 Nf6 2. Nc3 e5 3. g3 Bb4 4. Nd5 Nxd5 5. cxd5 0-0 6. Bg2 d6 7. a3 Ba5 8. b4 Bb6 9. d3 f5 10. Nf3 e4 11. dxe4 fxe4 12. Nd4 Qf6 13. Be3 c5 14. Nc2 Nd7 15. 0-0 Ne5 16. Bxe4 Bf5 17. Bxf5 Qxf5 18. Bf4 cxb4 19. axb4 Ng4 20. Be3 Qh5 21. h4 Nxe3 22. Nxe3 Bxe3 23. fxe3 Qe5 24. Kg2 Qxe3 25. Rf3 Qe4 26. b5 Rf5 27. Qd3 Qxd3 28. Rxd3 a6 29. bxa6 bxa6 30. e4 Re5 31. Kf3 1/2-1/2

[Event "SUI-ch U14"]
[Site "Cham"]
[Date "2014.07.04"]
[Round "3"]
[White "Sriram, Pranav"]
[Black "Walk, David"]
[Result "0-1"]
[WhiteElo "1830"]
[BlackElo "1613"]
[PlyCount "60"]
[EventDate "2014.07.03"]
[EventType "swiss"]
[EventRounds "7"]
[EventCountry "SUI"]
[SourceTitle "CBM 161 Extra"]
[Source "ChessBase"]
[SourceDate "2014.08.29"]
[SourceVersion "1"]
[SourceVersionDate "2014.08.29"]
[SourceQuality "1"]

1. e4 c5 2. Nf3 Nc6 3. d4 cxd4 4. Nxd4 g6 5. Nc3 Bg7 6. Be3 Nf6 7. f3 0-0 8. Qd2 d5 9. Nxc6 bxc6 10. Rd1 Bb7 11. Qf2 Qa5 12. e5 Nd7 13. f4 Rfd8 14. h4 c5 15. Bd2 d4 16. Nd5 Qxa2 17. Nxe7+ Kf8 18. f5 Kxe7 19. f6+ Nxf6 20. Bg5 Qe6 21. Kd2 Kf8 22. exf6 Bh8 23. h5 Qe5 24. Qh4 Bxf6 25. Bh6+ Kg8 26. Qh3 Bg5+ 27. Bxg5 Qxg5+ 28. Kd3 Re8 29. Kc4 Ba6+ 30. Kb3 Re3+ 0-1

[Event "SUI-ch U12"]
[Site "Geneve"]
[Date "2013.06.30"]
[Round "7"]
[White "Seliner, Kira"]
[Black "Walk, David"]
[Result "0-1"]
[WhiteElo "1425"]
[BlackElo "1543"]
[PlyCount "82"]
[EventDate "2013.06.27"]
[EventType "swiss"]
[EventRounds "7"]
[EventCountry "SUI"]
[SourceTitle "EXT 2014"]
[Source "ChessBase"]
[SourceDate "2013.11.20"]
[SourceVersion "1"]
[SourceVersionDate "2013.11.20"]
[SourceQuality "1"]

1. e4 c5 2. d4 cxd4 3. c3 dxc3 4. Nxc3 e6 5. Nf3 d6 6. Bc4 Be7 7. 0-0 a6 8. Qe2 b5 9. Bb3 Ra7 10. Be3 Rd7 11. Rfd1 Nc6 12. a3 Bb7 13. Rac1 Nf6 14. Bc2 0-0 15. Qe1 Na5 16. b3 d5 17. e5 Ng4 18. a4 Nxe3 19. Qxe3 b4 20. Ne2 Nc6 21. Qd3 g6 22. Ng3 f5 23. Qd2 Re8 24. Re1 Na5 25. Qe2 Rc7 26. Nd4 Bg5 27. Rcd1 Nc6 28. Nf3 Bh6 29. h3 Qc8 30. Qf1 Nxe5 31. Nxe5 Rxc2 32. Nd3 a5 33. Rb1 Ba6 34. Red1 e5 35. Qe1 e4 36. Nb2 e3 37. fxe3 Rxe3 38. Ne2 Rexe2 39. Qh4 Rxg2+ 40. Kh1 Rh2+ 41. Kg1 Rcg2# 0-1